000
00267nmm a2200097Ia 4500
008
220120s9999||||xx |||||||||||||||||und||
082
_a
621.3845 JAM
100
_a
Jamsa, Kris Schmauder, Phil
_9
2046
245
0
_a
Wireless application programmers library
260
_c
2001
999
_c
138864
_d
138864